000 01546nam a22002417a 4500
003 NALT
005 20251125233013.0
008 s2549 th tha d
040 _aNALT
041 _atha
090 _aKD 32/2549 ส226ร 2549
110 0 _aสำนักงานเลขาธิการสภาผู้แทนราษฎร. สำนักกรรมาธิการ 3
245 1 0 _aรัฐธรรมนูญแห่งราชอาณาจักรไทย (ฉบับชั่วคราว) พุทธศักราช 2549
260 3 _aกรุงเทพฯ :
_bสำนักกรรมาธิการ 3 สำนักงานเลขาธิการสภาผู้แทนราษฎร,
_c2549
300 _a31 หน้า :
_bแผนภูมิ ;
_c29 ซม.
610 _aสำนักงานเลขาธิการสภาผู้แทนราษฎร. สำนักกรรมาธิการ 3. กลุ่มงานคณะกรรมาธิการการวิทยาศาสตร์และเทคโนโลยี
650 0 4 _aรัฐธรรมนูญไทย -- ฉบับชั่วคราว -- 2549
650 0 4 _aรัฐธรรมนูญไทย -- ฉบับชั่วคราว -- 2549
850 _aNALT
856 4 0 _uhttps://hdl.handle.net/20.500.14156/467760
942 _cLB
_2lcc
999 _c49602
_d49602
998 _j109
_k นางสาวอารีรัตน์ วิชาช่าง